Using Controlled Shunt Reactors for Voltage Stabilization on the Example of Real Electric Power System; IOP Conference Series: Materials Science and Engineering; Vol. 93: Modern Technique and Technologies (MTT'2015)
| Parent link: | IOP Conference Series: Materials Science and Engineering Vol. 93: Modern Technique and Technologies (MTT'2015).— 2015.— [012016, 6 p.] |
|---|---|
| Main Author: | |
| Corporate Author: | |
| Other Authors: | , |
| Summary: | Title screen The article is devoted to actual task of real-time simulation controlled shunt reactors to use in the appropriate electric power system. Such development allows fully and reliably reproducing the processes running in controlled shunt reactors and electric power systems as whole. As an example of such task solution the working results of controlled shunt reactors simulation and its application for voltage stabilization are presented. Режим доступа: по договору с организацией-держателем ресурса |
| Language: | English |
| Published: |
2015
|
| Series: | Power industry |
| Subjects: | |
| Online Access: | http://dx.doi.org/10.1088/1757-899X/93/1/012016 http://earchive.tpu.ru/handle/11683/19986 |
| Format: | Electronic Book Chapter |
| KOHA link: | https://koha.lib.tpu.ru/cgi-bin/koha/opac-detail.pl?biblionumber=644518 |
MARC
| LEADER | 00000nla2a2200000 4500 | ||
|---|---|---|---|
| 001 | 644518 | ||
| 005 | 20240201111407.0 | ||
| 035 | |a (RuTPU)RU\TPU\network\9599 | ||
| 035 | |a RU\TPU\network\9594 | ||
| 090 | |a 644518 | ||
| 100 | |a 20151119a2015 k y0engy50 ba | ||
| 101 | 0 | |a eng | |
| 105 | |a a z 101zy | ||
| 135 | |a drcn ---uucaa | ||
| 181 | 0 | |a i | |
| 182 | 0 | |a b | |
| 200 | 1 | |a Using Controlled Shunt Reactors for Voltage Stabilization on the Example of Real Electric Power System |f A. S. Gusev, A. A. Suvorov, A. O. Sulaymanov | |
| 203 | |a Text |c electronic | ||
| 225 | 1 | |a Power industry | |
| 300 | |a Title screen | ||
| 320 | |a [References: 11 tit.] | ||
| 330 | |a The article is devoted to actual task of real-time simulation controlled shunt reactors to use in the appropriate electric power system. Such development allows fully and reliably reproducing the processes running in controlled shunt reactors and electric power systems as whole. As an example of such task solution the working results of controlled shunt reactors simulation and its application for voltage stabilization are presented. | ||
| 333 | |a Режим доступа: по договору с организацией-держателем ресурса | ||
| 461 | 0 | |0 (RuTPU)RU\TPU\network\2008 |t IOP Conference Series: Materials Science and Engineering | |
| 463 | 0 | |0 (RuTPU)RU\TPU\network\9450 |t Vol. 93: Modern Technique and Technologies (MTT'2015) |o 21th International Conference for Students and Young Scientists, 5-9 October 2015, Tomsk |o [proceedings] |v [012016, 6 p.] |d 2015 | |
| 610 | 1 | |a электронный ресурс | |
| 610 | 1 | |a труды учёных ТПУ | |
| 610 | 1 | |a шунтирующие реакторы | |
| 610 | 1 | |a управляемые реакторы | |
| 610 | 1 | |a напряжения | |
| 610 | 1 | |a стабилизация | |
| 610 | 1 | |a электроэнергетические системы | |
| 700 | 1 | |a Gusev |b A. S. |c specialist in the field of electric power engineering |c Professor of Tomsk Polytechnic University, Doctor of technical sciences |f 1947- |g Alexander Sergeevich |3 (RuTPU)RU\TPU\pers\32885 | |
| 701 | 1 | |a Suvorov |b A. A. |c specialist in the field of electric power engineering |c Associate Professor of Tomsk Polytechnic University, Candidate of Technical Sciences |f 1990- |g Aleksey Aleksandrovich |3 (RuTPU)RU\TPU\pers\35638 |9 18807 | |
| 701 | 1 | |a Sulaymanov |b A. O. |c specialist in the field of electric power engineering |c Associate Professor of Tomsk Polytechnic University, Candidate of technical sciences |f 1967- |g Almaz Omurzakovich |3 (RuTPU)RU\TPU\pers\32884 |9 16732 | |
| 712 | 0 | 2 | |a Национальный исследовательский Томский политехнический университет (ТПУ) |b Энергетический институт (ЭНИН) |b Кафедра электроэнергетических систем (ЭЭС) |3 (RuTPU)RU\TPU\col\18675 |
| 801 | 2 | |a RU |b 63413507 |c 20161122 |g RCR | |
| 856 | 4 | 0 | |u http://dx.doi.org/10.1088/1757-899X/93/1/012016 |
| 856 | 4 | 0 | |u http://earchive.tpu.ru/handle/11683/19986 |
| 942 | |c CF | ||